Baseball Player Nicknames (1990s-Present) - Click Quiz - Statistics

General Stats
  • This quiz has been taken 82 times
  • The average score is 23 of 34
Answer Stats
Hint Answer % Correct
A-Rod Alex Rodriguez
91%
Big Papi David Ortiz
91%
Miggy Miguel Cabrera
88%
Slammin' Sammy Sammy Sosa
88%
Joey Bats Jose Bautista
86%
The Kid Ken Griffey, Jr.
86%
The Big Unit Randy Johnson
86%
Mr. Padre Tony Gwynn
86%
The Big Hurt Frank Thomas
84%
Donnie Baseball Don Mattingly
81%
D-Train Dontrelle Willis
81%
The Iron Man Cal Ripken, Jr.
79%
The Polar Bear Pete Alonso
74%
The Man of Steal Rickey Henderson
74%
Rocket Roger Clemens
74%
Mr. November Derek Jeter
72%
Chili Charles Davis
70%
Coco Covelli Crisp
70%
Sandman Mariano Rivera
70%
Moose Mike Mussina
67%
Big Sexy Bartolo Colón
65%
The Professor Greg Maddux
65%
Thor Noah Syndergaard
65%
El Duque Orlando Hernandez
65%
Crime Dog Fred McGriff
63%
Kung Fu Panda Pablo Sandoval
60%
The Freak Tim Lincecum
58%
The Flyin' Hawaiian Shane Victorino
56%
The Millville Meteor Mike Trout
51%
Chicken Man Wade Boggs
42%
The Big Puma Lance Berkman
37%
The Bringer of Rain Josh Donaldson
35%
Country Breakfast Billy Butler
23%
Big League Shin-Soo Choo
12%
No matching quizzes found
Score Distribution
Percent of People with Each Score
Percentile by Number Answered
Your Score History
You have not taken this quiz